|
|
|
|
| LEADER |
01542nam a2200301 a 4500 |
| 001 |
193942 |
| 008 |
100126s1998 bg ab b 000 0 eng d |
| 010 |
|
|
|a \\\98907119
|
| 020 |
|
|
|a 9844940052
|
| 040 |
|
|
|a DLC
|c DLC
|d DLC
|d BD-DhAAL
|
| 082 |
0 |
0 |
|a 333.75/137/095492
|2 21
|
| 100 |
1 |
|
|a Gain, Philip.
|
| 245 |
1 |
4 |
|a The last forests of Bangladesh /
|c Philip Gain.
|
| 250 |
|
|
|a 1st ed.
|
| 260 |
|
|
|a Dhaka :
|b Society for Environment and Human Development,
|c 1998.
|
| 300 |
|
|
|a 174 p. :
|b ill. (some col.), maps ;
|c 21 cm.
|
| 500 |
|
|
|a "Dying forests, mistaken plantations, and immense sufferings of the forest people feature the forests of Bangladesh"--Cover.
|
| 504 |
|
|
|a Includes bibliographical references (p. 174).
|
| 541 |
1 |
|
|e 00006435
|
| 650 |
|
0 |
|a Forests and forestry
|z Bangladesh.
|
| 650 |
|
0 |
|a Deforestation
|z Bangladesh.
|
| 650 |
|
0 |
|a Deforestation
|z Bangladesh
|z Madhupur Jungle.
|
| 710 |
2 |
|
|a Society for Environment and Human Development (Dhaka, Bangladesh)
|
| 852 |
4 |
|
|a Ayesha Abed Library
|j General shelf
|
| 999 |
|
|
|c 7221
|d 7221
|
| 952 |
|
|
|0 0
|1 0
|2 ddc
|4 0
|6 333_751370954920000_GAI_1998
|7 0
|9 7516
|a BRACUL
|b BRACUL
|c GEN
|d 2010-01-27
|l 0
|o 333.75137095492 GAI
|p 3010006435
|r 2010-01-27
|t 1
|w 2010-01-27
|y BK
|
| 952 |
|
|
|0 0
|1 0
|2 ddc
|4 0
|6 333_750000000000000_137_095492_GAI
|7 0
|9 42939
|a SCL
|b SCL
|c GEN
|d 1998-11-25
|g 250.00
|l 0
|o 333.75137095492 GAI
|p 3020001056
|r 2014-07-06
|t 2
|w 2014-07-06
|y BK
|
| 952 |
|
|
|0 0
|1 0
|2 ddc
|4 0
|6 333_750000000000000_137_095492_GAI
|7 0
|9 42950
|a SCL
|b SCL
|c GEN
|d 2014-07-06
|l 0
|o 333.75137095492 GAI
|p 3020001272
|r 2014-07-06
|t 3
|w 2014-07-06
|y BK
|